00511nam a22001577a 45000050016000000200025000160370014000411000022000552450045000772600033001222700041001553000029001969420017002259990017002429520094002592011121202022.0 a9788121937276c89.00 bS. Chand  aPipe, Jim 936840 aLook and play big animals /cby Jim Pipe aNew Delhi bS. Chand c2011 a7361, Ram Nagar bNew Delhi e110055 a24p. bill. c24cm(pbk)  2ddccCHmPIP c59293d59293 00104070aAGbAGd2011-12-12g89.00l0oPIPr2011-12-12 00:00:00v89.00w2011-12-12yCH